| 000 | 00673nam a22002417a 4500 | ||
|---|---|---|---|
| 005 | 20170124110016.0 | ||
| 010 | _a200287 | ||
| 020 | _c00.000 | ||
| 035 | _a200287 | ||
| 037 | _bCen Lib/ Ret | ||
| 040 |
_aDPL _bEN |
||
| 082 |
_a341.41 _bHEY |
||
| 100 |
_aHeydecker, Joe _918816 |
||
| 245 |
_aNuremberg trials / _cby Joe Heydecker {and] Johannes Leeb; translated by E.A. Downie |
||
| 260 |
_aLondon _bHeinemann _c1958 |
||
| 270 | _bLondon | ||
| 300 |
_a379p. _c19cm(Hb) |
||
| 500 | _aIncludes index | ||
| 650 |
_aHistory _x _918817 |
||
| 700 |
_918753 _aLeeb, Johannes |
||
| 700 |
_aDownie, E.A. _918818 |
||
| 942 |
_2ddc _cEN _h341.41 _mHEY |
||
| 999 |
_c126907 _d126907 |
||